Nennen Sie die 20 wichtigsten Weinländer der Welt – Weinquiz 1 - Statistiken

Allgemein
  • Dieses Quiz wurde 300 mal gespielt
  • Das Durchschnittsergebnis liegt bei 14 aus 20
Antwortstatistiken
Hint Antwort % Korrekt
D Deutschland
97%
F Frankreich
97%
I Italien
95%
Spanien
91%
G Griechenland
86%
P Portugal
86%
V Vereinigte Staaten
78%
O Österreich
75%
China
69%
A Australien
65%
S Schweiz
65%
U Ungarn
65%
Argentinien
64%
C Chile
62%
R Rumänien
53%
M Mexiko
49%
Südafrika
49%
B Bulgarien
46%
N Neuseeland
45%
Marokko
29%
Keine übereinstimmenden Quizze gefunden
Verteilung der Resultate
Anzahl Personen mit jedem Resultat
Perzentil nach korrekt beantworteten Fragen
Ihre Resultats-Entwicklung
Sie haben dieses Quiz noch nicht gespielt